Timberwolves Top-15 All Categories (Updated) - Statistics

General Stats
  • This quiz has been taken 18 times
  • The average score is 72 of 145
Answer Stats
Answer % Correct
3. 9,174 Anthony Edwards
100%
9. 2,029 Anthony Edwards
100%
6. 1,606 Anthony Edwards
100%
3. 504 Anthony Edwards
100%
1. 1,118 Anthony Edwards
100%
10. 384 Anthony Edwards
100%
1. 23.89 Anthony Edwards
100%
15. 336 Jaden McDaniels
94%
7. 316 Jaden McDaniels
94%
7. 450 Jaden McDaniels
94%
12. 370 Jaden McDaniels
94%
2. 13,121 Karl-Anthony Towns
94%
2. 6,216 Karl-Anthony Towns
94%
4. 1,815 Karl-Anthony Towns
94%
5. 452 Karl-Anthony Towns
94%
2. 721 Karl-Anthony Towns
94%
2. 975 Karl-Anthony Towns
94%
4. 573 Karl-Anthony Towns
94%
6. 2 Karl-Anthony Towns
94%
4. 52.4% Karl-Anthony Towns
94%
2. 22.90 Karl-Anthony Towns
94%
1. 19,201 Kevin Garnett
94%
1. 10,718 Kevin Garnett
94%
1. 4,216 Kevin Garnett
94%
1. 1,315 Kevin Garnett
94%
1. 1,590 Kevin Garnett
94%
1. 970 Kevin Garnett
94%
1. 16 Kevin Garnett
94%
6. 19.79 Kevin Garnett
94%
6. 2,617 Rudy Gobert
94%
6. 366 Rudy Gobert
94%
1. 66.4% Rudy Gobert
94%
9. 19.01 Julius Randle
76%
6. 6,989 Kevin Love
76%
3. 4,453 Kevin Love
76%
13. 364 Kevin Love
76%
4. 3 Kevin Love
76%
8. 19.20 Kevin Love
76%
11. 4,744 Naz Reid
76%
10. 2,008 Naz Reid
76%
5. 371 Naz Reid
76%
3. 573 Naz Reid
76%
9. 410 Naz Reid
76%
4. 8,710 Andrew Wiggins
71%
13. 1,922 Andrew Wiggins
71%
13. 1,022 Andrew Wiggins
71%
7. 436 Andrew Wiggins
71%
14. 261 Andrew Wiggins
71%
4. 520 Andrew Wiggins
71%
6. 442 Andrew Wiggins
71%
14. 1 Andrew Wiggins
71%
7. 19.71 Andrew Wiggins
71%
10. 367 Mike Conley
71%
10. 1 Sam Cassell
71%
13. 4,235 Ricky Rubio
65%
15. 1,721 Ricky Rubio
65%
2. 3,424 Ricky Rubio
65%
2. 845 Ricky Rubio
65%
12. 304 Ricky Rubio
65%
8. 421 Ricky Rubio
65%
2. 5 Ricky Rubio
65%
3. 22.03 Jimmy Butler
59%
7. 6,777 Wally Szczerbiak
59%
12. 1,932 Wally Szczerbiak
59%
10. 1,190 Wally Szczerbiak
59%
11. 343 Wally Szczerbiak
59%
7. 438 Wally Szczerbiak
59%
11. 1,117 D'Angelo Russell
53%
5. 482 D'Angelo Russell
53%
11. 18.49 D'Angelo Russell
53%
13. 300 Zach LaVine
47%
9. 417 Malik Beasley
41%
14. 1,807 Nikola Pekovic
41%
5. 51.8% Nikola Pekovic
41%
7. 1,393 Stephon Marbury
41%
14. 4,201 Tom Gugliotta
41%
11. 1,970 Tom Gugliotta
41%
10. 391 Tom Gugliotta
41%
12. 18.19 Tom Gugliotta
41%
15. 4,183 Al Jefferson
35%
8. 2,162 Al Jefferson
35%
8. 300 Al Jefferson
35%
10. 49.9% Al Jefferson
35%
5. 20.11 Al Jefferson
35%
12. 1,043 Jeff Teague
35%
10. 4,759 Christian Laettner
29%
7. 2,225 Christian Laettner
29%
9. 299 Christian Laettner
29%
14. 17.24 Christian Laettner
29%
4. 3,068 Gorgui Dieng
29%
9. 413 Gorgui Dieng
29%
3. 489 Gorgui Dieng
29%
5. 498 Gorgui Dieng
29%
9. 50% Gorgui Dieng
29%
14. 298 Nickeil Alexander-Walker
29%
8. 50% Wally Szczerbiack
29%
4. 502 Corey Brewer
24%
14. 337 Corey Brewer
24%
15 17.16 Kevin Martin
24%
3. 3 Kyle Anderson
24%
15. 254 Randy Breuer
24%
12. 1 Bobby Jackson
18%
3. 55.3% Craig Smith
18%
8. 6,216 Doug West
18%
9. 1,216 Doug West
18%
8. 428 Doug West
18%
3. 609 Doug West
18%
12. 265 Joe Smith
18%
3. 1,973 Pooh Richardson
18%
12. 383 Pooh Richardson
18%
5. 7,161 Sam Mitchell
18%
5. 3,030 Sam Mitchell
18%
6. 449 Sam Mitchell
18%
13. 262 Sam Mitchell
18%
2. 757 Sam Mitchell
18%
9. 4,888 Tony Campbell
18%
4. 20.62 Tony Campbell
18%
15. 1,000 Anthony Peeler
12%
13. 373 Anthony Peeler
12%
6. 465 Anthony Peeler
12%
11. 379 Anthony Peeler
12%
9. 1 Chauncey Billups
12%
12. 4,315 Isaiah Rider
12%
15. 295 Isaiah Rider
12%
10. 18.84 Isaiah Rider
12%
8. 1,239 Micheal Williams
12%
7. 2 Micheal Williams
12%
4. 373 Rasho Nesterovic
12%
15. 316 Rasho Nesterovic
12%
13. 17.63 Ricky Davis
12%
13. 1 Shabazz Napier
12%
2. 57.% Taj Gibson
12%
10. 273 Eddie Griffin
6%
7. 50.6% Gary Trent
6%
8. 1 J.J. Barea
6%
5. 1,681 Terrell Brandon
6%
11. 386 Terrell Brandon
6%
5. 2 Terrell Brandon
6%
14. 1,018 Terry Porter
6%
15. 316 Trenton Hassell
6%
14. 349 Tyrone Corbin
6%
11. 1 Tyrone Corbin
6%
8. 440 Donte Divincezo
0%
11. 266 Felton Spencer
0%
6. 50.8% Mark Blount
0%
No matching quizzes found
Score Distribution
Percent of People with Each Score
Percentile by Number Answered
Your Score History
You have not taken this quiz